[Event "4NCL Online Division 6"]
[Site "online"]
[Date "2020.09.08"]
[Round "2.222"]
[White "Rogers, Max"]
[Black "Sanfey, Gregor"]
[Result "1-0"]
[WhiteElo "1472"]
[BlackElo "1690"]
[PlyCount "75"]
[EventDate "2020.09.08"]
[WhiteTeam "Ashton 1"]
[BlackTeam "Barnet Knights B"]

1. e4 d6 2. d4 Nf6 3. Nc3 g6 4. Nf3 Bg7 5. Bf4 O-O 6. Qd2 c6 7. Be2 b5 8. a3
Bb7 9. O-O a6 10. Rfe1 c5 11. Bf1 b4 12. axb4 cxb4 13. Na2 a5 14. Bd3 Nc6 15.
c3 Qb6 16. Be3 e5 17. d5 bxc3 18. Qxc3 Nd4 19. Nxd4 exd4 20. Bxd4 Qd8 21. Rac1
Rc8 22. Qd2 Qd7 23. Nc3 Rfe8 24. f3 Nh5 25. Bxg7 Nxg7 26. Ne2 f5 27. Ng3 fxe4
28. fxe4 Re5 29. Qxa5 Nh5 30. Qd2 Nxg3 31. hxg3 Qg4 32. Qf4 Rg5 33. Qxg4 Rxg4
34. Rxc8+ Bxc8 35. Kf2 Kg7 36. Kf3 Rg5 37. Rf1 Bg4+ 38. Ke3 1-0

[Event "4NCL Online Division 6"]
[Site "online"]
[Date "2020.09.08"]
[Round "2.223"]
[White "Vyas, Alisha"]
[Black "Jaswian, Sebastian"]
[Result "1-0"]
[WhiteElo "1682"]
[BlackElo "1337"]
[PlyCount "39"]
[EventDate "2020.09.08"]
[WhiteTeam "Barnet Knights B"]
[BlackTeam "Ashton 1"]

1. e4 e5 2. Nf3 Nc6 3. Bb5 Bd6 4. c3 a6 5. Ba4 Nf6 6. d3 O-O 7. h3 b5 8. Bc2
Bb7 9. O-O Be7 10. Re1 d5 11. exd5 Nxd5 12. Nxe5 Nxe5 13. Rxe5 f6 14. Re1 Nb6
15. d4 Qd5 16. f3 Qd7 17. Qd3 Rfe8 18. Qxh7+ Kf7 19. Bg6+ Kf8 20. Qh8# 1-0

[Event "4NCL Online Division 6"]
[Site "online"]
[Date "2020.09.08"]
[Round "2.224"]
[White "Clayton, Ellie-Mae"]
[Black "Grose, Kameron"]
[Result "0-1"]
[WhiteElo "970"]
[BlackElo "1630"]
[PlyCount "48"]
[EventDate "2020.09.08"]
[WhiteTeam "Ashton 1"]
[BlackTeam "Barnet Knights B"]

1. e4 c5 2. c4 d6 3. Nc3 Nf6 4. Bd3 Nc6 5. Nf3 e5 6. O-O Be7 7. h3 h6 8. b3 O-O
9. Bb2 Be6 10. Qe2 Nh5 11. Nh4 Nf4 12. Qe3 Bxh4 13. g3 Nxh3+ 14. Kh1 Bg5 15.
Qe1 Nb4 16. Nb5 Nxd3 17. Qe2 Nxb2 18. Rab1 Nf4 19. gxf4 Bxf4 20. Rxb2 Qh4+ 21.
Kg2 Qh3+ 22. Kg1 Bh2+ 23. Kh1 Bg3+ 24. Kg1 Qh2# 0-1

[Event "4NCL Online Division 6"]
[Site "online"]
[Date "2020.09.08"]
[Round "2.231"]
[White "Peach, Clifford B"]
[Black "Hoong, Jonathan"]
[Result "0-1"]
[WhiteElo "1525"]
[BlackElo "1712"]
[PlyCount "63"]
[EventDate "2020.09.08"]
[WhiteTeam "Plymouth 2"]
[BlackTeam "Celtic Tigers Cubs"]

1. Nf3 g6 2. d4 d6 3. e3 Bg7 4. b3 c5 5. Bb2 Nc6 6. a3 Bg4 7. Be2 Bxf3 8. Bxf3
cxd4 9. Bxc6+ bxc6 10. Bxd4 Nf6 11. O-O O-O 12. Nd2 e5 13. Bb2 Qc7 14. c4 Rab8
15. Rb1 Rfd8 16. Ba1 Qa5 17. Qc1 Qc7 18. Re1 a5 19. Nf3 Rb7 20. Nd2 Rdb8 21. a4
Nd7 22. Qa3 Nc5 23. Red1 Qe7 24. Kf1 Qh4 25. h3 Nd3 26. Ke2 Nxf2 27. Nf3 Qg3
28. Rg1 Ne4 29. Qa2 Qf2+ 30. Kd3 Nc5+ 31. Kc3 Qxa2 32. Bb2 0-1

[Event "4NCL Online Division 6"]
[Site "online"]
[Date "2020.09.08"]
[Round "2.232"]
[White "White, John"]
[Black "Caleshu, Caleb"]
[Result "1-0"]
[WhiteElo "1529"]
[BlackElo "1480"]
[PlyCount "57"]
[EventDate "2020.09.08"]
[WhiteTeam "Celtic Tigers Cubs"]
[BlackTeam "Plymouth 2"]

1. e4 c5 2. Ne2 Nc6 3. Ng3 Nf6 4. c3 h5 5. Be2 h4 6. Nf1 Nxe4 7. d3 Nf6 8. Bg5
e6 9. Nbd2 Be7 10. Ne3 d5 11. Nf3 h3 12. g3 Bd7 13. Qb3 Qc7 14. O-O Na5 15. Qd1
c4 16. Ne5 Nh5 17. Nxf7 Kxf7 18. Bxe7 Kxe7 19. Bxh5 cxd3 20. Re1 Qe5 21. Bf3
Qg5 22. Nxd5+ Kd8 23. Nf4 Re8 24. Qxd3 e5 25. Rad1 Qe7 26. Bg4 Kc7 27. Nd5+ Kb8
28. Nxe7 Bxg4 29. Qd6# 1-0

[Event "4NCL Online Division 6"]
[Site "online"]
[Date "2020.09.08"]
[Round "2.233"]
[White "Tatam, Anthony"]
[Black "Portheault, Benjamin"]
[Result "1/2-1/2"]
[WhiteElo "1450"]
[BlackElo "1486"]
[PlyCount "65"]
[EventDate "2020.09.08"]
[WhiteTeam "Plymouth 2"]
[BlackTeam "Celtic Tigers Cubs"]

1. d4 Nf6 2. e3 c5 3. c3 b6 4. Bd3 Bb7 5. Nf3 g6 6. O-O Bg7 7. Nbd2 O-O 8. e4
d6 9. d5 Nbd7 10. h3 a6 11. c4 Ne8 12. a4 Nc7 13. Nb3 e5 14. Ng5 h6 15. Nf3 f5
16. Nbd2 f4 17. b3 Nf6 18. Nh4 g5 19. Nf5 Bc8 20. Nxg7 Kxg7 21. Nf3 Qe8 22. Bb2
Qg6 23. Qc2 h5 24. Qc3 g4 25. hxg4 hxg4 26. Nxe5 Qh5 27. Nxg4 Qxg4 28. f3 Qg3
29. Rf2 Nce8 30. e5 dxe5 31. Qxe5 Ra7 32. Bc1 Rh8 33. Qxf4 1/2-1/2

[Event "4NCL Online Division 6"]
[Site "online"]
[Date "2020.09.08"]
[Round "2.234"]
[White "Osseiran, Nadim"]
[Black "Tekniepe, T Klaus"]
[Result "0-1"]
[WhiteElo "1135"]
[BlackElo "1292"]
[PlyCount "76"]
[EventDate "2020.09.08"]
[WhiteTeam "Celtic Tigers Cubs"]
[BlackTeam "Plymouth 2"]

1. d4 d5 2. Bf4 Nf6 3. e3 e6 4. Nd2 Nbd7 5. c3 c5 6. Ngf3 c4 7. Be2 Be7 8. O-O
Qb6 9. Qc2 Bd6 10. Bxd6 Qxd6 11. e4 dxe4 12. Nxe4 Nxe4 13. Qxe4 Nf6 14. Qe5 Qb6
15. Bxc4 O-O 16. Rab1 Qc6 17. Bd3 Re8 18. Rfe1 h6 19. Qe2 a6 20. Ne5 Qc7 21. g4
Nd7 22. Nxd7 Bxd7 23. Qe4 f5 24. gxf5 exf5 25. Qd5+ Kh7 26. Bxf5+ Bxf5 27.
Qxf5+ g6 28. Qc5 Qf7 29. d5 Qf5 30. Rbd1 Qg5+ 31. Kf1 Re5 32. Qc7+ Kg8 33. Rxe5
Qg4 34. Rde1 Rf8 35. Re8 Qh3+ 36. Ke2 Rxe8+ 37. Kd1 Qd3+ 38. Kc1 Rxe1# 0-1

[Event "4NCL Online Division 6"]
[Site "online"]
[Date "2020.09.08"]
[Round "2.241"]
[White "Frostick, Helen M"]
[Black "Ward, George"]
[Result "0-1"]
[WhiteElo "1855"]
[BlackElo "1772"]
[PlyCount "122"]
[EventDate "2020.09.08"]
[WhiteTeam "Farnham B"]
[BlackTeam "MK Phoenix 3"]

1. d4 Nf6 2. Nf3 d5 3. Bf4 c6 4. e3 e6 5. Bd3 Bd6 6. Bg3 O-O 7. c3 h6 8. Nbd2
Be7 9. Ne5 Nbd7 10. O-O Nxe5 11. dxe5 Nd7 12. Qc2 a5 13. f4 Nc5 14. Be2 Qb6 15.
Bf2 Qd8 16. b4 axb4 17. cxb4 Nd7 18. Rab1 f5 19. exf6 Nxf6 20. h3 Bd6 21. Bd3
Qe7 22. Qb3 Kh8 23. a3 e5 24. fxe5 Bxe5 25. Nf3 Bc7 26. Kh1 Qd6 27. Bg1 Be6 28.
Qb2 Qd7 29. Bh2 Bxh2 30. Nxh2 Nh5 31. Rf3 Rxf3 32. Nxf3 Ng3+ 33. Kg1 Rf8 34.
Bf1 Qe8 35. Qf2 Ne4 36. Qh4 Qg6 37. Re1 Rxf3 38. Kh2 Rf8 39. Be2 Qg5 40. Qxg5
Nxg5 41. b5 cxb5 42. Bxb5 Ne4 43. Rc1 Ra8 44. a4 Nd6 45. Rc7 Rb8 46. Re7 Bf5
47. Bd7 Bxd7 48. Rxd7 Nf5 49. Rxd5 Nxe3 50. Rb5 Nc4 51. a5 Ra8 52. Rxb7 Rxa5
53. Rf7 Ra2 54. Rf3 h5 55. h4 Kh7 56. Kh3 Kh6 57. g4 hxg4+ 58. Kxg4 Ne5+ 59.
Kf4 Nxf3 60. Kxf3 Kh5 61. Kg3 Ra3+ 0-1

[Event "4NCL Online Division 6"]
[Site "online"]
[Date "2020.09.08"]
[Round "2.242"]
[White "Cox, Lucian"]
[Black "Cooper, Malcolm H"]
[Result "1/2-1/2"]
[WhiteElo "1600"]
[BlackElo "1817"]
[PlyCount "94"]
[EventDate "2020.09.08"]
[WhiteTeam "MK Phoenix 3"]
[BlackTeam "Farnham B"]

1. e4 c5 2. d4 cxd4 3. c3 Nf6 4. e5 Nd5 5. cxd4 e6 6. Nf3 Nc6 7. Bc4 Nb6 8. Bb3
d6 9. O-O Be7 10. Nc3 O-O 11. Re1 a6 12. Bf4 Qc7 13. d5 Nxd5 14. Nxd5 exd5 15.
Qxd5 Be6 16. exd6 Bxd5 17. dxc7 Bxb3 18. axb3 Rac8 19. Rad1 Bb4 20. Re4 f5 21.
Rc4 Ba5 22. Nd4 Bxc7 23. Nxc6 bxc6 24. Rdc1 Bxf4 25. Rxf4 Rcd8 26. g3 Rd2 27.
Rxc6 Rxb2 28. Rxa6 Rxb3 29. Ra5 g6 30. Ra7 Rf7 31. Ra6 Rc7 32. Rd4 Kg7 33. Kg2
Rb2 34. h4 Re7 35. Rad6 Rbb7 36. Rf4 Rb2 37. h5 Rbe2 38. g4 fxg4 39. Rxg4 R2e6
40. Rxe6 Rxe6 41. hxg6 Rxg6 42. Rxg6+ hxg6 43. Kg3 Kf6 44. f3 Kg5 45. f4+ Kf5
46. Kf3 g5 47. fxg5 Kxg5 1/2-1/2

[Event "4NCL Online Division 6"]
[Site "online"]
[Date "2020.09.08"]
[Round "2.243"]
[White "Seyfried, Donald"]
[Black "Wayne, Steven"]
[Result "1-0"]
[WhiteElo "1682"]
[BlackElo "1307"]
[PlyCount "47"]
[EventDate "2020.09.08"]
[WhiteTeam "Farnham B"]
[BlackTeam "MK Phoenix 3"]

1. d4 Nf6 2. c4 d5 3. Nc3 Nc6 4. e3 e6 5. Nf3 b6 6. cxd5 exd5 7. Bb5 Bd7 8. Qa4
Na5 9. Ne5 c6 10. Nxc6 Bxc6 11. Bxc6+ Nd7 12. Bxa8 Qxa8 13. O-O Qb7 14. Qb5 a6
15. Qxd5 b5 16. Qxb7 Nxb7 17. Nd5 Bd6 18. Bd2 O-O 19. Bb4 a5 20. Bxd6 Nxd6 21.
Rfc1 Nc4 22. b3 Nd6 23. Rc7 Nc8 24. Rxd7 1-0

[Event "4NCL Online Division 6"]
[Site "online"]
[Date "2020.09.08"]
[Round "2.244"]
[White "Cox, David"]
[Black "Young, Jonathan G"]
[Result "1/2-1/2"]
[WhiteElo "1270"]
[BlackElo "1577"]
[PlyCount "94"]
[EventDate "2020.09.08"]
[WhiteTeam "MK Phoenix 3"]
[BlackTeam "Farnham B"]

1. e4 c6 2. d4 d5 3. exd5 cxd5 4. c4 Nf6 5. Nf3 Bg4 6. Nc3 e6 7. Bd3 Nc6 8. Be3
Be7 9. h3 Bh5 10. g4 Bg6 11. Bxg6 hxg6 12. Qe2 Nxg4 13. O-O-O Nxe3 14. fxe3 a6
15. cxd5 exd5 16. Kb1 Qd7 17. Ne5 Qf5+ 18. e4 dxe4 19. Nxc6 bxc6 20. Nxe4 Kf8
21. Ka1 Qb5 22. Qg2 Rb8 23. Rd2 Rh5 24. Rf2 Rf5 25. Rc2 a5 26. h4 Bxh4 27. Nd6
Rg5 28. Qf3 Qd5 29. Qxd5 cxd5 30. b3 Bg3 31. Rh8+ Ke7 32. Rxb8 Bxd6 33. Re2+
Kd7 34. Rb5 Ba3 35. Re1 Bb4 36. Rb7+ Kc6 37. Rxb4 axb4 38. a3 bxa3 39. Ka2 Kb5
40. Kxa3 Rg4 41. Re7 Rf4 42. Rc7 Kb6 43. Rd7 Kc6 44. Re7 Kb5 45. Rc7 Kb6 46.
Rd7 Kc6 47. Re7 Kb5 1/2-1/2

[Event "4NCL Online Division 6"]
[Site "online"]
[Date "2020.09.08"]
[Round "2.251"]
[White "Banks, Stephen"]
[Black "Angelopoulos, Nicos"]
[Result "0-1"]
[WhiteElo "1450"]
[BlackElo "1622"]
[PlyCount "126"]
[EventDate "2020.09.08"]
[WhiteTeam "Enfield 2"]
[BlackTeam "Barnet Knights C"]

1. d4 c6 2. Nf3 d5 3. e3 Bf5 4. c3 e6 5. Bd3 Bxd3 6. Qxd3 Nf6 7. Nbd2 c5 8. a3
Nc6 9. O-O cxd4 10. exd4 Bd6 11. b3 O-O 12. Bb2 a6 13. Rfe1 b5 14. Rad1 Qe7 15.
b4 Qb7 16. Qe2 a5 17. Nb3 axb4 18. cxb4 Na7 19. Qd3 Nc8 20. Nc5 Qb6 21. Ne5 Ra7
22. Ra1 Ne7 23. h3 Rd8 24. Red1 Nc8 25. Qf3 Be7 26. Rdc1 Nd6 27. Nb3 Nc4 28.
Qe2 Rda8 29. Nd3 Nxa3 30. Ndc5 Nc4 31. g3 h6 32. Bc3 Rxa1 33. Rxa1 Rxa1+ 34.
Nxa1 Qa7 35. Qe1 Qa2 36. Kg2 Bd6 37. Nd3 Ne4 38. Kg1 Qa3 39. Nc2 Qxc3 40. Qxc3
Nxc3 41. Ne3 Ne2+ 42. Kf1 Nxd4 43. Ke1 Nc6 44. Nc2 N4e5 45. Ke2 Nxd3 46. Kxd3
Nxb4+ 47. Nxb4 Bxb4 48. Ke2 d4 49. f3 e5 50. g4 f6 51. Kd3 Bc3 52. Kc2 b4 53.
h4 g6 54. Kc1 b3 55. Kb1 d3 56. Kc1 d2+ 57. Kd1 b2 58. Ke2 b1=Q 59. Ke3 d1=Q
60. Kf2 Qe1+ 61. Kg2 Qc2+ 62. Kh3 Qh1+ 63. Kg3 Qcg2# 0-1

[Event "4NCL Online Division 6"]
[Site "online"]
[Date "2020.09.08"]
[Round "2.252"]
[White "Sarkar, Rian"]
[Black "Clarke, Anthony J"]
[Result "0-1"]
[WhiteElo "1600"]
[BlackElo "1442"]
[PlyCount "84"]
[EventDate "2020.09.08"]
[WhiteTeam "Barnet Knights C"]
[BlackTeam "Enfield 2"]

1. d4 d5 2. c4 e6 3. Nc3 Nf6 4. Nf3 c6 5. Bg5 Be7 6. Rc1 dxc4 7. e4 Nbd7 8.
Bxc4 a6 9. Qc2 O-O 10. O-O h6 11. Bh4 b5 12. Bd3 Re8 13. Bg3 Nf8 14. Rfd1 Nh5
15. Qb3 Nxg3 16. hxg3 Bd7 17. d5 exd5 18. exd5 c5 19. Qc2 c4 20. Be4 Rc8 21.
Bf5 Bd6 22. Bxd7 Nxd7 23. Ne4 Nf6 24. Nxd6 Qxd6 25. b3 cxb3 26. Qxc8 Rxc8 27.
Rxc8+ Kh7 28. axb3 Ne4 29. Rc6 Qb4 30. Rxa6 Qxb3 31. d6 Qxd1+ 32. Kh2 Nxf2 33.
Ng1 Ng4+ 34. Kh1 Nf2+ 35. Kh2 Qh5+ 36. Nh3 Ng4+ 37. Kh1 Nf6 38. Kg1 b4 39. Nf4
Qd1+ 40. Kh2 b3 41. Rb6 h5 42. Nh3 Ng4# 0-1

[Event "4NCL Online Division 6"]
[Site "online"]
[Date "2020.09.08"]
[Round "2.253"]
[White "Dometakis, Lakis"]
[Black "Gardner, Tim"]
[Result "0-1"]
[WhiteElo "1375"]
[BlackElo "1600"]
[PlyCount "116"]
[EventDate "2020.09.08"]
[WhiteTeam "Enfield 2"]
[BlackTeam "Barnet Knights C"]

1. e4 d5 2. exd5 Nf6 3. Nf3 Nxd5 4. d4 Nc6 5. Bb5 Bd7 6. O-O g6 7. c3 Bg7 8. c4
Nb6 9. Be3 O-O 10. Nc3 a6 11. Bxc6 Bxc6 12. d5 Be8 13. Bxb6 cxb6 14. Rc1 Rc8
15. b3 b5 16. Ne2 bxc4 17. bxc4 Bd7 18. Ng3 Bg4 19. h3 Bd7 20. Re1 Re8 21. Ne5
Qc7 22. Nxd7 Qxd7 23. c5 Red8 24. d6 exd6 25. cxd6 Rxc1 26. Qxc1 Qxd6 27. Ne4
Qb6 28. Qc4 h6 29. Kh1 Bd4 30. Rd1 Be5 31. Rf1 Rd4 32. Qc8+ Kg7 33. f4 Rxe4 34.
fxe5 Rxe5 35. Qd7 Qe6 36. Qxb7 Qxa2 37. Qc7 Re2 38. Qc3+ Kg8 39. Qc8+ Kg7 40.
Qc3+ Kh7 41. Rg1 a5 42. Ra1 Qe6 43. Qxa5 Qe4 44. Rg1 Re3 45. Kh2 Qf4+ 46. Kh1
Qe4 47. Kh2 h5 48. Rf1 f5 49. Qc7+ Kh6 50. Qc1 f4 51. Qc8 Re2 52. Qh8+ Kg5 53.
Qd8+ Kh6 54. Qh8+ Kg5 55. Qd8+ Qe7 56. h4+ Kg4 57. Qc8+ Qe6 58. Qc4 Qxc4 0-1

[Event "4NCL Online Division 6"]
[Site "online"]
[Date "2020.09.08"]
[Round "2.254"]
[White "Angelopoulos, Andreas"]
[Black "McHugh, Ralph"]
[Result "1-0"]
[WhiteElo "1540"]
[BlackElo "1300"]
[PlyCount "53"]
[EventDate "2020.09.08"]
[WhiteTeam "Barnet Knights C"]
[BlackTeam "Enfield 2"]

1. d4 d5 2. c4 dxc4 3. e4 Nf6 4. Nc3 Nc6 5. Nf3 Bg4 6. d5 Ne5 7. Be2 e6 8. Nxe5
Bxe2 9. Qxe2 exd5 10. exd5 Be7 11. Bg5 O-O 12. Nxc4 Re8 13. O-O Nxd5 14. Bxe7
Rxe7 15. Qc2 Nf6 16. Rad1 Qe8 17. Ne3 c6 18. Rd3 Rc8 19. h3 g6 20. Rfd1 Nd7 21.
Qd2 Rc7 22. Ng4 Kg7 23. Qh6+ Kh8 24. Kh2 Re6 25. Qd2 b5 26. Rxd7 Rxd7 27. Qxd7
1-0

[Event "4NCL Online Division 6"]
[Site "online"]
[Date "2020.09.08"]
[Round "2.5"]
[White "Wilson, Matthew R"]
[Black "Chapman, Chas"]
[Result "1-0"]
[WhiteElo "1758"]
[BlackElo "1592"]
[PlyCount "83"]
[EventDate "2020.09.08"]
[WhiteTeam "Wolfpack"]
[BlackTeam "War & Piece 2"]

1. e4 c5 2. Nf3 d6 3. Bb5+ Bd7 4. Bxd7+ Nxd7 5. O-O g6 6. Re1 Bg7 7. c3 Ngf6 8.
d4 cxd4 9. cxd4 O-O 10. Nc3 a6 11. h3 e5 12. Be3 exd4 13. Bxd4 Re8 14. Qd2 Nb6
15. b3 Rc8 16. Rad1 Rc6 17. Qb2 d5 18. Nxd5 Nbxd5 19. exd5 Qxd5 20. Be3 Qa5 21.
Bd2 Rxe1+ 22. Rxe1 Qc7 23. Nd4 Rc5 24. Bb4 Rd5 25. Bc3 Qd7 26. Ne6 Bh8 27. Bxf6
Rd1 28. Rxd1 Qxd1+ 29. Kh2 Qd6+ 30. g3 Bxf6 31. Qxf6 Qxe6 32. Qxe6 fxe6 33. Kg2
Kf7 34. Kf3 Kf6 35. Ke4 h5 36. f3 g5 37. g4 hxg4 38. hxg4 b5 39. b4 e5 40. Kd5
Kg6 41. Kxe5 Kh6 42. Kf6 1-0

[Event "4NCL Online Division 6"]
[Site "online"]
[Date "2020.09.08"]
[Round "2.6"]
[White "Thomas, Jacob"]
[Black "Hayden, Luke"]
[Result "0-1"]
[WhiteElo "1457"]
[BlackElo "1581"]
[PlyCount "50"]
[EventDate "2020.09.08"]
[WhiteTeam "War & Piece 2"]
[BlackTeam "Wolfpack"]

1. e4 c5 2. Nf3 Nc6 3. d4 cxd4 4. Nxd4 Nf6 5. Nc3 e5 6. Nb3 Bb4 7. Bd3 O-O 8.
Bd2 Bxc3 9. Bxc3 d5 10. exd5 Nxd5 11. Bd2 e4 12. Bb5 e3 13. Bxe3 Nxe3 14. fxe3
Qh4+ 15. g3 Qb4+ 16. Qd2 Qxb5 17. O-O-O Be6 18. Nd4 Nxd4 19. Qxd4 Bxa2 20. h4
Rac8 21. Rd2 Qc6 22. Rf1 Bb3 23. c3 Qa6 24. Qd3 Bc4 25. Qf5 Bxf1 0-1

[Event "4NCL Online Division 6"]
[Site "online"]
[Date "2020.09.08"]
[Round "2.7"]
[White "Wootton, Stephen G"]
[Black "O'Neill, Stephen G"]
[Result "1-0"]
[WhiteElo "1637"]
[BlackElo "1457"]
[PlyCount "49"]
[EventDate "2020.09.08"]
[WhiteTeam "Wolfpack"]
[BlackTeam "War & Piece 2"]

1. e4 c5 2. Nf3 Nc6 3. d4 cxd4 4. Nxd4 Nxd4 5. Qxd4 e6 6. c4 Qa5+ 7. Bd2 Qc5 8.
Bc3 Qxd4 9. Bxd4 Ne7 10. Nc3 Nc6 11. O-O-O Nxd4 12. Rxd4 e5 13. Rd2 Bc5 14. Nb5
O-O 15. Nc7 Rb8 16. g3 d6 17. Nd5 f5 18. Ne7+ Kh8 19. Nxc8 Rbxc8 20. exf5 Rxf5
21. Bh3 Rcf8 22. Bxf5 Rxf5 23. Kc2 Rxf2 24. Rxf2 Bxf2 25. Rf1 1-0

[Event "4NCL Online Division 6"]
[Site "online"]
[Date "2020.09.08"]
[Round "2.15"]
[White "Burling, Andrew"]
[Black "Triffitt, Bradley"]
[Result "1-0"]
[WhiteElo "1307"]
[BlackElo "1547"]
[PlyCount "55"]
[EventDate "2020.09.08"]
[WhiteTeam "Horsham 3"]
[BlackTeam "St Andrews White Cross"]

1. e4 c5 2. d4 cxd4 3. c3 d3 4. Bxd3 Nc6 5. Nf3 d6 6. O-O Nf6 7. Bg5 g6 8. Re1
Bg7 9. h3 O-O 10. Nbd2 Nd7 11. b4 Bxc3 12. Rb1 Bxb4 13. Bh6 Re8 14. Ng5 Nde5
15. Rxb4 Nxd3 16. Qb3 Nce5 17. Ndf3 a5 18. Rd4 a4 19. Qc3 Nxe1 20. Nxe5 Qa5 21.
Qc4 e6 22. Nexf7 d5 23. exd5 exd5 24. Rxd5 Qb6 25. Qc3 Nf3+ 26. gxf3 Qb1+ 27.
Kh2 Qf1 28. Qg7# 1-0

[Event "4NCL Online Division 6"]
[Site "online"]
[Date "2020.09.08"]
[Round "2.16"]
[White "Bettley, Mark S"]
[Black "Roberts, Harry"]
[Result "1/2-1/2"]
[WhiteElo "1607"]
[BlackElo "1240"]
[PlyCount "215"]
[EventDate "2020.09.08"]
[WhiteTeam "St Andrews White Cross"]
[BlackTeam "Horsham 3"]

1. e4 e5 2. Nf3 Nc6 3. Bb5 a6 4. Ba4 Nf6 5. d3 b5 6. Bb3 Be7 7. Nc3 O-O 8. O-O
d6 9. h3 Bd7 10. Be3 h6 11. Nh2 Na5 12. f4 Nxb3 13. axb3 exf4 14. Bxf4 Be6 15.
Qd2 c5 16. Rae1 b4 17. Ne2 d5 18. Ng3 dxe4 19. Nxe4 Nxe4 20. Rxe4 Bf6 21. Be5
Bxe5 22. Rxe5 Qd4+ 23. Qe3 Qxe3+ 24. Rxe3 a5 25. Nf3 a4 26. bxa4 Rxa4 27. b3
Ra2 28. Rf2 Rfa8 29. Rfe2 Rd8 30. Kf2 g6 31. Ne5 Kg7 32. Nc6 Rd6 33. Ne5 Rd8
34. Kg3 Rd6 35. Ng4 Bxg4 36. Kxg4 Raa6 37. Re7 Rac6 38. Rf2 Rf6 39. Rfe2 Rfd6
40. Kg3 Kf6 41. Re8 Kg7 42. R8e7 Kf6 43. Ra7 Ra6 44. Rf2+ Ke5 45. Raxf7 Kd4 46.
R7f4+ Kd5 47. Re4 Rf6 48. Rfe2 Rac6 49. Re5+ Kd6 50. Re8 Kd5 51. Rh8 h5 52.
Rhe8 Kd4 53. R2e4+ Kd5 54. R8e5+ Kd6 55. Rg5 Kc7 56. Ree5 Kb6 57. Rd5 Rfd6 58.
Rxd6 Rxd6 59. Re5 Rf6 60. Re4 Kc6 61. Rf4 Re6 62. Kf3 Kd5 63. g4 hxg4+ 64. hxg4
Ra6 65. Ke3 Re6+ 66. Kd2 Re5 67. c4+ bxc3+ 68. Kxc3 Rg5 69. d4 cxd4+ 70. Rxd4+
Kc5 71. b4+ Kb5 72. Kd3 Re5 73. Re4 Rd5+ 74. Ke3 g5 75. Rd4 Re5+ 76. Kd3 Kc6
77. Kc4 Re1 78. b5+ Kc7 79. Kd5 Rb1 80. Ke5 Rxb5+ 81. Rd5 Rb1 82. Kf5 Kc6 83.
Re5 Kd6 84. Ra5 Ke7 85. Kxg5 Kf7 86. Kh6 Rh1+ 87. Rh5 Rg1 88. g5 Kg8 89. Rh4
Ra1 90. Rc4 Ra6+ 91. g6 Ra8 92. Rc7 Kh8 93. Rc6 Rb8 94. Kg5 Kg7 95. Rc7+ Kg8
96. Rf7 Rb5+ 97. Rf5 Rxf5+ 98. Kxf5 Kg7 99. Kg5 Kg8 100. Kf6 Kf8 101. Kg5 Kg7
102. Kh5 Kg8 103. Kh6 Kh8 104. Kg5 Kg7 105. Kf5 Kg8 106. Kf6 Kf8 107. g7+ Kg8
108. Kg6 1/2-1/2

[Event "4NCL Online Division 6"]
[Site "online"]
[Date "2020.09.08"]
[Round "2.17"]
[White "Cowley, Charlie"]
[Black "Clayton, N Charles"]
[Result "1-0"]
[WhiteElo "1210"]
[BlackElo "1480"]
[PlyCount "83"]
[EventDate "2020.09.08"]
[WhiteTeam "Horsham 3"]
[BlackTeam "St Andrews White Cross"]

1. c4 c6 2. Nc3 d5 3. d4 Nf6 4. Nf3 e6 5. g3 Be7 6. Bg2 O-O 7. O-O b6 8. a3 Ba6
9. Ne5 Qc7 10. Bf4 Bd6 11. e3 Bxe5 12. Bxe5 Qe7 13. Re1 Bxc4 14. b3 Ba6 15.
Bxf6 Qxf6 16. Rb1 Nd7 17. b4 Rac8 18. Qa4 Bc4 19. Qxa7 Qd8 20. Qa4 Qc7 21. e4
Ra8 22. Qc2 Rxa3 23. b5 cxb5 24. Nxb5 Ra2 25. Qxa2 Bxa2 26. Nxc7 Bxb1 27. Rxb1
Rc8 28. Nb5 dxe4 29. Bxe4 Rc4 30. Kg2 e5 31. Bd3 Rc6 32. d5 Rc5 33. d6 Rd5 34.
Be4 Rc5 35. Nc7 Rc4 36. f3 Rd4 37. Nb5 Rc4 38. Ra1 g6 39. Ra7 Nc5 40. d7 Nxd7
41. Rxd7 f5 42. Bd5+ 1-0

[Event "4NCL Online Division 6"]
[Site "online"]
[Date "2020.09.08"]
[Round "2.18"]
[White "Donoghue, Steve"]
[Black "Thorndyke, Alexander"]
[Result "0-1"]
[WhiteElo "1285"]
[BlackElo "1000"]
[PlyCount "84"]
[EventDate "2020.09.08"]
[WhiteTeam "St Andrews White Cross"]
[BlackTeam "Horsham 3"]

1. e4 e5 2. Nf3 Nc6 3. Bb5 Nd4 4. Nxd4 exd4 5. O-O g6 6. Bc4 Bg7 7. d3 d6 8.
Nd2 Nf6 9. Nf3 c5 10. Bg5 O-O 11. Qd2 Qd7 12. Bh6 b5 13. Bxg7 Kxg7 14. Bb3 Bb7
15. Rfe1 Rfe8 16. c3 dxc3 17. bxc3 a5 18. a4 b4 19. cxb4 axb4 20. a5 Re7 21. e5
Bxf3 22. exf6+ Kxf6 23. Qf4+ Kg7 24. Qxf3 Rxe1+ 25. Rxe1 Rxa5 26. h4 Ra3 27.
Qd5 h5 28. Re3 Ra1+ 29. Kh2 Ra7 30. Qf3 Qd8 31. Qf4 Re7 32. Rg3 Qc7 33. Bd1 Kh7
34. Bb3 Kg7 35. Qg5 Re5 36. Qf4 Rf5 37. Qe3 Re5 38. Qd2 Qe7 39. Re3 Qxh4+ 40.
Kg1 Qd4 41. Rg3 Qa1+ 42. Qd1 Re1+ 0-1

[Event "4NCL Online Division 6"]
[Site "online"]
[Date "2020.09.08"]
[Round "2.25"]
[White "Williams, Duncan"]
[Black "Dobbie, Graham"]
[Result "1-0"]
[WhiteElo "1847"]
[BlackElo "1823"]
[PlyCount "51"]
[EventDate "2020.09.08"]
[WhiteTeam "Morriston Benko"]
[BlackTeam "East Kilbride Rovers"]

1. e4 e5 2. Nf3 Nc6 3. Bc4 Bc5 4. c3 Nf6 5. d3 h6 6. Nbd2 a6 7. Bb3 d6 8. h3
Be6 9. Bc2 Ba7 10. Nf1 O-O 11. Ng3 d5 12. Qe2 Re8 13. Nh2 b5 14. Ng4 dxe4 15.
dxe4 Nxg4 16. hxg4 Bc4 17. Qf3 Re6 18. Nf5 Rf6 19. g5 Rxf5 20. Qxf5 Ne7 21. Qh3
Ng6 22. gxh6 Qf6 23. Be3 Nf4 24. h7+ Kh8 25. Qg4 Rd8 26. Bxa7 1-0

[Event "4NCL Online Division 6"]
[Site "online"]
[Date "2020.09.08"]
[Round "2.26"]
[White "Shrestha, Deepesh"]
[Black "Smith, Andrew R"]
[Result "0-1"]
[WhiteElo "1131"]
[BlackElo "1692"]
[PlyCount "82"]
[EventDate "2020.09.08"]
[WhiteTeam "East Kilbride Rovers"]
[BlackTeam "Morriston Benko"]

1. d4 d5 2. Nf3 e6 3. Bf4 Nf6 4. h3 c5 5. c3 Bd6 6. Bxd6 Qxd6 7. e3 Nc6 8. Nbd2
O-O 9. Qb3 b6 10. Be2 e5 11. dxe5 Nxe5 12. Nxe5 Qxe5 13. O-O-O Be6 14. Nf3 Qc7
15. g4 Ne4 16. Rdf1 a5 17. Bd3 c4 18. Qc2 cxd3 19. Qxd3 Rfb8 20. g5 b5 21. Kb1
b4 22. cxb4 Rxb4 23. a3 Rb7 24. Qe2 Nc3+ 25. Ka1 Nxe2 26. h4 Qb6 27. Rb1 Qb3
28. Nd2 Qb6 29. h5 Bf5 30. g6 Bxb1 31. Rxb1 fxg6 32. hxg6 Qxg6 33. f3 Rab8 34.
e4 dxe4 35. fxe4 Nc3 36. bxc3 Rxb1+ 37. Nxb1 Rxb1+ 38. Kxb1 Qxe4+ 39. Kb2 g5
40. Kb3 a4+ 41. Kb2 g4 0-1

[Event "4NCL Online Division 6"]
[Site "online"]
[Date "2020.09.08"]
[Round "2.27"]
[White "Jones, Huw"]
[Black "Nagar, Nikunj"]
[Result "1-0"]
[WhiteElo "1624"]
[BlackElo "653"]
[PlyCount "93"]
[EventDate "2020.09.08"]
[WhiteTeam "Morriston Benko"]
[BlackTeam "East Kilbride Rovers"]

1. d4 d5 2. c4 c6 3. Nf3 Bf5 4. Nc3 Nf6 5. e3 g6 6. Be2 Bg7 7. O-O Nbd7 8. b3
Qc7 9. Bb2 O-O 10. cxd5 Nxd5 11. Nxd5 cxd5 12. Rc1 Qd6 13. Bd3 Bxd3 14. Qxd3 e5
15. dxe5 Nxe5 16. Nxe5 Bxe5 17. Bxe5 Qxe5 18. Rfd1 Rac8 19. g3 Rxc1 20. Rxc1
Qe4 21. Qb5 b6 22. Qd7 a5 23. Qb5 Rb8 24. a4 d4 25. exd4 Qxd4 26. Re1 Qb4 27.
Qxb4 axb4 28. Re4 b5 29. Rxb4 Rc8 30. Rxb5 Rc1+ 31. Kg2 Rc3 32. a5 Rc6 33. Rb6
Rc5 34. a6 Ra5 35. b4 Ra3 36. b5 Kf8 37. Rb7 Kg7 38. a7 Ra5 39. b6 Ra6 40. Rb8
Ra5 41. a8=Q Rxa8 42. Rxa8 f5 43. b7 Kf6 44. b8=Q Ke7 45. Ra6 Kd7 46. Qb7+ Ke8
47. Ra8# 1-0